000 01039cam a2200325 a 4500
001 1657
005 20250826102659.0
020 _a0439220300
040 _aDLC
_cDLC
_dDLC
_beng
050 0 0 _aPS2605.B34
082 0 0 _a811.3
_220
100 1 _aPoe, Edgar Allan
_d1809-1849
245 1 0 _aEdgar Allan Poe /
_cedited by Brod Bagert ; illustrated by Carolynn Cobleigh.
260 _c1995
_bScholastic,
_aNew York :
300 _a48 pages :
_bColor illustrations ;
_c26 cm
490 _aPoetry for young people
500 _a"A Magnolia Editions book"--T.p. verso.
500 _aIncludes index.
505 _aS
520 _aA collection of thirteen poems and eight prose selections from larger works.
521 _a800
_bLexile
521 _aS
_bRaz-Plus
650 0 0 _aChildren's poetry, American.
650 1 _aAmerican poetry.
650 1 _aShort stories.
700 1 _aBagert, Brod
700 1 _aCobleigh, Carolynn
_eillustrator
906 _a7
_bcbc
_corignew
_d1
_eocip
_f19
_gy-gencatlg
942 _2ddc
_cBK
_n0
999 _c1657
_d1657